000 00366nam a2200157Ia 4500
003 OSt
005 20231116052145.0
008 170524s9999 xx 000 0 und d
020 _a1-84477-776-6
040 _cIIMT
100 _aWalton- stuart
245 4 _aThe Bartender's companion to: 750 cocktails
260 _bHerms house
260 _c2006
942 _2ddc
_c02
999 _c7458
_d7458